Statistics for Most spoken Languages of each country with an Empty Map

Click here to take the quiz!

General Stats

  • This quiz has been taken 2,151 times
    (1,127 since last reset)
  • The average score is 157 of 196

Answers on the Map

Answers color-coded by a green-red scale on the quiz's map according to % correct below.
 

Answer Stats

CountryLanguage% Correct
Antigua and Barbuda | Australia | Bahamas | +19 othersEnglish
100%
UgandaEnglish
99%
Benin | Cameroon | Central African Republic | +7 othersFrench
99%
Angola | Brazil | Cape Verde | +3 othersPortuguese
99%
Argentina | Bolivia | Chile | +16 othersSpanish
99%
Algeria | Bahrain | Chad | +16 othersArabic
98%
China | TaiwanChinese
98%
Austria | Germany | Liechtenstein | SwitzerlandGerman
98%
MozambiquePortuguese
98%
Belarus | RussiaRussian
98%
Italy | San Marino | Vatican CityItalian
95%
Belgium | Netherlands | SurinameDutch
94%
IndiaHindi
94%
PolandPolish
94%
SwedenSwedish
94%
Cyprus | GreeceGreek
93%
JapanJapanese
93%
MongoliaMongolian
92%
TurkeyTurkish
92%
UkraineUkrainian
92%
Czech RepublicCzech
91%
FinlandFinnish
91%
Montenegro | SerbiaSerbian
91%
HungaryHungarian
90%
North Korea | South KoreaKorean
90%
NorwayNorwegian
90%
RomaniaRomanian
90%
MoldovaRomanian/ Moldovan
90%
CroatiaCroatian
89%
AfghanistanDari/Farsi
89%
IranPersian/ Farsi
89%
SlovakiaSlovak
89%
ThailandThai
89%
VietnamVietnamese
89%
KazakhstanKazakh
88%
Albania | KosovoAlbanian
87%
Bosnia and HerzegovinaBosnian
87%
BulgarianBulgarian
87%
DenmarkDanish
87%
IndonesiaIndonesian
86%
Brunei | MalaysiaMalay
86%
NepalNepali
86%
CambodiaKhmer
85%
SloveniaSlovene
85%
UzbekistanUzbek
85%
ArmeniaArmenian
84%
LaosLao
84%
BangladeshBengali
83%
EstoniaEstonian
83%
LatviaLatvian
83%
LithuaniaLithuanian
83%
GeorgiaGeorgian
82%
North MacedoniaMacedonian
82%
TurkmenistanTurkmen
82%
TajikistanTajik
81%
AzerbaijanAzerbaijani
79%
Kenya | TanzaniaSwahili
78%
KyrgyzstanKyrgyz
77%
IcelandIcelandic
76%
PhilippinesFilipino
75%
MyanmarBurmese
74%
Djibouti | SomaliaSomali
73%
BhutanDzongkha
71%
IsraelHebrew
67%
LuxembourgLuxembourgish
67%
South AfricaZulu
67%
MaltaMaltese
65%
SamoaSamoan
61%
FijiFijian
58%
AndorraCatalan
56%
TongaTongan
55%
PakistanPunjabi
54%
HaitiHaitian Creole
53%
LesothoSouthern Sotho/ Sotho
50%
KiribatiKiribati
48%
TuvaluTuvaluan
47%
NauruNauruan
46%
PalauPalauan
46%
EswatiniSwazi
45%
BotswanaTswana
45%
ParaguayGuarani
44%
RwandaKinyarwanda
44%
MadagascarMalagasy
41%
Niger | NigeriaHausa
40%
BurundiKirundi
40%
Marshall IslandsMarshallese
40%
Sri LankaSinhala
40%
EthiopiaOromo
37%
EritreaTigrinya
37%
SeychellesSeychellois Creole
32%
Papua New GuineaTok Pisin
31%
MauritiusMauritian Creole
28%
ComorosComorian
26%
SenegalWolof
25%
ZimbabweShona
22%
MalawiChewa
20%
VanuatuBislama
18%
East TimorTetum/ Prasa
17%
MaldivesDhivehi
15%
MaliBambara
12%
Burkina FasoMossi
11%
GabonFang
8%
ZambiaBemba
7%
Sierra LeoneKrio
7%
GambiaMandinka
7%
Solomon IslandsPidgin
7%
GhanaAsante
5%
NamibiaOshiwambo
5%

Score Distribution

Percentile by Number Answered

Percent of People with Each Score

Your Score History

You have not taken this quiz since the last reset